| 000 | 00432nam a2200121Ia 4500 | ||
|---|---|---|---|
| 008 | 220216s9999 xx 000 0 und d | ||
| 100 | _aGopalakrishnan K.S. | ||
| 245 | 0 | _aLatex based adhesives | |
| 260 |
_bIn: Lecture Notes of the Refresher Course for small scale latex goods manufactures. Rubber Research Institute of India, Kottayam, India, pp. 85-87. _c1981 |
||
| 650 | _aLatex adhesive | ||
| 650 | _aLatex product | ||
| 942 | _cBS | ||
| 999 |
_c51000 _d51000 |
||